000 00599nam a2200217 a 4500
999 _c3136
_d3136
001 3136
003 BD-JhCC
005 20171126164815.0
008 171111s1383 bg |||| ||a| 001 0 eng d
035 _a(BD-JhCC)3136
040 _aBD-JhCC
_dBD-JhCC
041 _aeng
082 _a491.44
_bKHO 1383
100 _aKhondkar, Abdur Rahim
245 _aThe Portuguese contribution to Bengali prose, grammar and lexicography /
_cAbdur Rahim Khondkar
260 _aDACCA :
_bBANGLA ACADEMY,
_c1383.
300 _a292 P. :
_c21 CM.
650 _aBengali Language
942 _2ddc
_cBK